000 00544nam a22001937a 4500
003 KOHA_MİRAKIL
005 20251221161823.0
008 251221b tu ||||| |||| 00| 0 tur d
020 _a9786257030717
040 _aTR-AnABB
_btur
_cTR-AnABB
041 _atur
082 _a190.092
_bULK 2021
100 1 _aÜlken, Hilmi Ziya,
245 1 0 _aYirminci asır filozofları /
_cHilmi Ziya Ülken
260 _aİstanbul :
_bDoğu Batı Yayınları,
_c2021
300 _a504 sayfa ;
_c24 cm
650 0 4 _aFilozoflar
942 _2ddc
_cBK
999 _c9868
_d9868
900 _bGizem YORULMAZ